<?xml version="1.0" encoding="UTF-8"?>
<marc:record xmlns:marc="http://www.loc.gov/MARC21/slim">
   <marc:leader>00000nam a2200000 a 4500</marc:leader>
   <marc:datafield ind1=" " ind2=" " tag="653">
      <marc:subfield code="a">Herbstküche</marc:subfield>
   </marc:datafield>
   <marc:datafield ind1="0" ind2="0" tag="245">
      <marc:subfield code="a">Koch&amp;Back Journal 2022 / 10</marc:subfield>
   </marc:datafield>
   <marc:datafield ind1="0" ind2="0" tag="245">
      <marc:subfield code="b">Die echte österreichische Kochzeitschrift; Feine Herbstküche - Rezeptideen für die goldene Jahreszeit</marc:subfield>
   </marc:datafield>
   <marc:datafield ind1=" " ind2="1" tag="264">
      <marc:subfield code="a">Graz</marc:subfield>
      <marc:subfield code="b">Leopold Stocker Verlag</marc:subfield>
      <marc:subfield code="c">2022</marc:subfield>
   </marc:datafield>
   <marc:datafield ind1=" " ind2=" " tag="250">
      <marc:subfield code="a">2022 / 10</marc:subfield>
   </marc:datafield>
   <marc:datafield ind1="1" ind2=" " tag="520">
      <marc:subfield code="a">In der Ausgabe 10 präsentiert sich das  Koch&amp;Back Journal farbenprächtig-herbstlich, mit vielen feinen Genussrezepten.#Wer wehmütig, vielleicht sogar schweren Herzens an die Sommermonate zurückdenkt, dem macht der Herbst jetzt seine schönste Aufwartung: aromatische, erntefrische Köstlichkeiten, eine atemberaubende Kulisse, wärmende Sonnenstrahlen, die den Trauben noch die letzte Süße geben und viele zauberhafte Genussmomente. Erfreuen wir uns an dieser goldenen Jahreszeit. (Verlagsinformation)</marc:subfield>
   </marc:datafield>
   <marc:datafield ind1=" " ind2=" " tag="041">
      <marc:subfield code="a">ger</marc:subfield>
   </marc:datafield>
   <marc:datafield ind1="1" ind2=" " tag="521">
      <marc:subfield code="a">0</marc:subfield>
   </marc:datafield>
   <marc:datafield ind1=" " ind2=" " tag="300">
      <marc:subfield code="a">15 Seiten</marc:subfield>
   </marc:datafield>
</marc:record>
